Summary measures of population health : (Record no. 6977)

MARC details
000 -LEADER
fixed length control field 00907nam a2200265 a 4500
003 - CONTROL NUMBER IDENTIFIER
control field OCoLC
005 - DATE AND TIME OF LATEST TRANSACTION
control field 20201120145926.0
008 - FIXED-LENGTH DATA ELEMENTS--GENERAL INFORMATION
fixed length control field 030404t20022002sz a b i001 0 eng
020 ## - INTERNATIONAL STANDARD BOOK NUMBER
International Standard Book Number 92-4-154551-8
040 ## - CATALOGING SOURCE
Original cataloging agency DDC
Transcribing agency DDC
Modifying agency TSSD
245 00 - TITLE STATEMENT
Title Summary measures of population health :
Remainder of title Concepts, ethics, measurement and applications /
Statement of responsibility, etc. Christopher J.L. Murray [et al.]
264 #1 - PRODUCTION, PUBLICATION, DISTRIBUTION, MANUFACTURE, AND COPYRIGHT NOTICE
Place of production, publication, distribution, manufacture Geneva :
Name of producer, publisher, distributor, manufacturer World Health Organization,
Date of production, publication, distribution, manufacture, or copyright notice c2002
300 ## - PHYSICAL DESCRIPTION
Extent xxviii, 770 p. :
Other physical details ills. ;
Dimensions 24 cm
504 ## - BIBLIOGRAPHY, ETC. NOTE
Bibliography, etc Includes bibliographical references and index
650 #0 - SUBJECT ADDED ENTRY--TOPICAL TERM
Topical term or geographic name as entry element Health status indicators
650 #0 - SUBJECT ADDED ENTRY--TOPICAL TERM
Topical term or geographic name as entry element Medical ethics
650 12 - SUBJECT ADDED ENTRY--TOPICAL TERM
Topical term or geographic name as entry element Health Status Indicators
650 12 - SUBJECT ADDED ENTRY--TOPICAL TERM
Topical term or geographic name as entry element Systems Theory
650 22 - SUBJECT ADDED ENTRY--TOPICAL TERM
Topical term or geographic name as entry element Ethical Analysis
650 22 - SUBJECT ADDED ENTRY--TOPICAL TERM
Topical term or geographic name as entry element Population Surveillance
General subdivision methods
650 22 - SUBJECT ADDED ENTRY--TOPICAL TERM
Topical term or geographic name as entry element Statistics as Topic
General subdivision methods
700 1# - ADDED ENTRY--PERSONAL NAME
Personal name Murray, Christopher J. L
710 2# - ADDED ENTRY--CORPORATE NAME
Corporate name or jurisdiction name as entry element World Health Organization
942 ## - ADDED ENTRY ELEMENTS (KOHA)
Source of classification or shelving scheme Dewey Decimal Classification
Koha item type Book
Holdings
Withdrawn status Lost status Source of classification or shelving scheme Damaged status Not for loan Home library Current library Shelving location Date acquired Source of acquisition Inventory number Total Checkouts Full call number Barcode Date last seen Price effective from Koha item type
    Dewey Decimal Classification     Main Library West Wing Main Library West Wing General Stacks 20/11/2020 UNSW 0038844   614.420727 SUM GU-MLW20110250 20/11/2020 20/11/2020 Book

Gulu University Library | Gulu University P.O. Box : 166 Gulu, Uganda
Tel : +256-(0) 4714-32924 or +256-(0) 4714-33988 or +256-(0) 4714-32094 / E-mail : library@gu.ac.ug